000
00350nam a2200145Ia 4500
008
151213s9999 xx 000 0 und d
100
_a
Diana Hopkins
245
_a
Passport to IELTS
_c
Diana Hopkins
260
_b
Longman
300
_a
1178 p.
650
_a
English Language
650
_a
English Lenguage
700
_a
Diana Hopkins
999
_c
1055
_d
1055